Production and Inventory Control. (Record no. 6488)

MARC details
005 - DATE AND TIME OF LATEST TRANSACTION
control field 20250701080159.0
082 ## - DEWEY DECIMAL CLASSIFICATION NUMBER
Classification number 658.787. IIM
100 ## - MAIN ENTRY--PERSONAL NAME
Author name Indian Institute of Materials Management
245 ## - TITLE STATEMENT
Title Production and Inventory Control.
250 ## - EDITION STATEMENT
Edition statement 27th Ed.
260 ## - PUBLICATION, DISTRIBUTION, ETC.
Place of publication, distribution, etc. New Delhi,
Name of publisher, distributor, etc. IIMM,
Date of publication, distribution, etc. 1999.
300 ## - PHYSICAL DESCRIPTION
Extent 454p.: ill.; figure, table
Dimensions 22cm
942 ## - ADDED ENTRY ELEMENTS (KOHA)
Source of classification or shelving scheme Dewey Decimal Classification
Koha item type Books
Holdings
Date last seen Total checkouts Full call number Barcode Cost, replacement price Price effective from Koha item type Lost status Source of classification or shelving scheme Damaged status Not for loan Withdrawn status Home library Current library Shelving location Date acquired Cost, normal purchase price
07/01/2025   658.787 IIM DOM0004580 90000.00 07/01/2025 Books   Dewey Decimal Classification       CBE Dodoma CBE Dodoma General Collection 02/06/2002 30000.00
07/01/2025   658.787 IIM DOM0003552 90000.00 07/01/2025 Books   Dewey Decimal Classification       CBE Dodoma CBE Dodoma General Collection 02/06/2002 30000.00